000 00363 a2200157 4500
001 158804
020 _a
040 _cMagnum
100 _aAlmanaque Abril
240 1 0 _aGuia de pesquisas do estudante/almanaque abril
_lpor
245 1 0 _aGuia de pesquisas do estudante/almanaque abril
362 0 _a1899
440 1 _aAbril
697 _aGUIA
942 _cBK
999 _c158804
_d158804